00619 a2200157 4500010001400000020002300014035001300037037001800050082000800068100001700076245014700093260004500240270013200285300003000417650001400447 aENG-85699 c310.00a8178121891 aEN-69232 bD.B.Act / Pub14a3301 aSanjay Kumar1 aR. Gupta's popular master guide U.G.C. junior research fellowship and lectureship exam NET /SLET Economics, paper II and IIIcby Sanjay Kumar aNew DelhibRamesh Publishing Housec2008 a12-H, New Darya Ganj Road, Opp. Traffic KotwalibNew DelhicDelhi :e110002k23261647l23275124minfo@rameshpublishinghouse.com axvi, 592 p.c23 cm (pbk) aEconomics